|
|
|
|
| LEADER |
00000nam0a2200000 4500 |
| 001 |
45406 |
| 005 |
20231031023909.0 |
| 010 |
|
|
|a 5783808806
|
| 035 |
|
|
|a (RuTPU)RU\TPU\book\47196
|
| 090 |
|
|
|a 45406
|
| 100 |
|
|
|a 20021209d2002 km y0rusy50 ca
|
| 101 |
0 |
|
|a rus
|
| 102 |
|
|
|a RU
|
| 105 |
|
|
|a a fg 000zy
|
| 200 |
1 |
|
|a Все страны мира
|e энциклопедический справочник
|f сост. И. О. Родин, Т. М. Пименова
|
| 210 |
|
|
|a Москва
|c Вече
|d 2002
|
| 215 |
|
|
|a 560 с.
|c ил.
|
| 610 |
1 |
|
|a география
|
| 610 |
1 |
|
|a страны мира
|
| 610 |
1 |
|
|a природа
|
| 610 |
1 |
|
|a история
|
| 610 |
1 |
|
|a экономика
|
| 610 |
1 |
|
|a культура
|
| 610 |
1 |
|
|a государственное устройство
|
| 610 |
1 |
|
|a энциклопедические справочники
|
| 675 |
|
|
|a 91(03)
|v 3
|
| 702 |
|
1 |
|a Родин
|b И. О.
|4 220
|
| 702 |
|
1 |
|a Пименова
|b Т. М.
|4 220
|
| 801 |
|
1 |
|a RU
|b 63413507
|c 20021209
|g PSBO
|
| 801 |
|
2 |
|a RU
|b 63413507
|c 20080130
|g PSBO
|
| 900 |
|
|
|a Страноведение
|
| 900 |
|
|
|a География туризма
|
| 942 |
|
|
|c BK
|